00340 a2200097 4500001001000000005001700010008004100027245009800068100002100166773005500187ART_1781020260410161700.0260409a 10aDe la apertura a la crisis financiera.Un análisis de la experiencia argentina de 1977-1982.1 aFrenkel, Roberto0 tEnsayos Económicosg- Nº 37 (mar. 1987)wREV620